Los acuerdos de derechos de giro del Fondo Monetario Internacional
Saved in:
| Hovedforfatter: | |
|---|---|
| Format: | Bog |
| Sprog: | spansk |
| Udgivet: |
Ciudad de México
FMI
1971
Ciudad de México BID 1971 Ciudad de México CEMLA 1971 |
| Udgivelse: | 2a. ed |
| Serier: | Biblioteca Financiera
|
| Fag: | |
| Tags: |
Tilføj Tag
Ingen Tags, Vær først til at tagge denne postø!
|
MARC
| LEADER | 00000nam a2200000 a 4500 | ||
|---|---|---|---|
| 001 | UCR8722 | ||
| 003 | CL-VaPUC | ||
| 008 | 980529e19710000mx |||||||||||||||||spa|d | ||
| 082 | 0 | 4 | |a 332.46 |b GOL |2 21 |
| 100 | |a Gold, Joseph |e author |9 550337 | ||
| 245 | 1 | 4 | |a Los acuerdos de derechos de giro del Fondo Monetario Internacional |
| 250 | |a 2a. ed | ||
| 300 | |a 290 p | ||
| 942 | |c BK | ||
| 945 | |d 19980529 00:00:00 |a crobeson | ||
| 260 | |a Ciudad de México |b FMI |c 1971 | ||
| 260 | |a Ciudad de México |b BID |c 1971 | ||
| 260 | |a Ciudad de México |b CEMLA |c 1971 | ||
| 600 | 0 | 7 | |a FMI |2 CL-VaPUC |9 409705 |
| 650 | 0 | |a Economía financiera |9 359635 | |
| 650 | 0 | |a Política monetaria |9 258279 | |
| 650 | 7 | |a SISTEMA MONETARIO INTERNACIONAL |2 CL-VaPUC |9 322730 | |
| 583 | |a last modification |c 20171011 10:46:57 |k Rodrigo Vera | ||
| 490 | 0 | |a Biblioteca Financiera | |
| 999 | |c 270117 |d 270115 | ||
| 952 | |0 0 |1 0 |4 0 |6 332_460000000000000_GOL_1971_1971_1971 |7 0 |8 A |9 304245 |a BIBENE |b BIBENE |d 2019-11-20 |i 1405705 |o 332.46 GOL 1971 1971 1971 |p 1405705 |r 2025-01-15 |w 2019-11-20 |y BK |k ICO | ||